Recomendaciones Tecnológicas para la producción de semilla de calidad de arracacha (Arracacia xanthorrhiza) (Registro nro. 19285)
[ vista simple ]
| 000 -CABECERA | |
|---|---|
| Campo de control | 01145nam a22003137a 4500 |
| 005 - FECHA Y HORA DE LA ULTIMA TRANSACCION | |
| Campo de control | 20180803170350.0 |
| 008 - ELEMENTOS DE LONGITUD FIJA—INFORMACION GENERAL | |
| Campo de control | 170206b 2015cck|||||r|||| 00| 0 spa d |
| 020 ## - ISBN | |
| ISBN | 9789587402025 |
| 040 ## - FUENTE DE CATALOGACIÓN | |
| Agencia catalogadora original | CO-BoIAVH |
| Agencia transcriptora | CO-BoIAVH |
| 041 ## - IDIOMA | |
| Código de idioma para texto/pista de sonido o título separado | Español |
| 044 ## - PAÍS DE PUBLICACIÓN | |
| País de publicación | Colombia |
| 082 ## - NUMERO DE CLASIFICACION DECIMAL DEWEY | |
| Número de clasificación | 630.09861 |
| Número del ítem | R69r |
| 100 1# - ASIENTO PRINCIPAL--NOMBRE PERSONAL | |
| Nombre personal | Rivera Varón, Juan Jose |
| Término relacionado | autor |
| 9 (RLIN) | 78880 |
| 245 1# - MENCION DE TITULO | |
| Título | Recomendaciones Tecnológicas para la producción de semilla de calidad de arracacha (Arracacia xanthorrhiza) |
| 260 ## - PUBLICACION, DISTRIBUCION, ETC. (PIE DE IMPRENTA) | |
| Lugar de publicación, distribución, etc. | Bogotá: |
| Nombre del editor, distribuidor, etc. | Corporación Colombiana de Investigación Agropecuaria CORPOICA, |
| Fecha de publicación, distribución, etc. | 2015. |
| 300 ## - DESCRIPCION FISICA | |
| Extensión | 72 páginas |
| Dimensiones | 24 x 17 cm |
| 650 16 - ASIENTO SECUNDARIO DE MATERIA - TERMINO TEMATICO | |
| Término temático o nombre geográfico como elemento de entrada | Arracacia xanthorrhiza |
| 9 (RLIN) | 78881 |
| 650 16 - ASIENTO SECUNDARIO DE MATERIA - TERMINO TEMATICO | |
| Término temático o nombre geográfico como elemento de entrada | Anatomía |
| 9 (RLIN) | 95070 |
| 650 16 - ASIENTO SECUNDARIO DE MATERIA - TERMINO TEMATICO | |
| Término temático o nombre geográfico como elemento de entrada | Propagación |
| 9 (RLIN) | 92503 |
| 650 16 - ASIENTO SECUNDARIO DE MATERIA - TERMINO TEMATICO | |
| Término temático o nombre geográfico como elemento de entrada | Producción de semillas |
| 9 (RLIN) | 78884 |
| 650 16 - ASIENTO SECUNDARIO DE MATERIA - TERMINO TEMATICO | |
| Término temático o nombre geográfico como elemento de entrada | Medidas fitosanitarias |
| 9 (RLIN) | 78893 |
| 700 ## - ASIENTO SECUNDARIO - NOMBRE PERSONAL | |
| Nombre personal | Garnica Montaña, Jhoanna |
| 9 (RLIN) | 78875 |
| 700 ## - ASIENTO SECUNDARIO - NOMBRE PERSONAL | |
| Nombre personal | Rubio Bonilla, Sandra Liliana |
| 9 (RLIN) | 78886 |
| 700 ## - ASIENTO SECUNDARIO - NOMBRE PERSONAL | |
| Nombre personal | Lozano Tovar, Maria Denis |
| 9 (RLIN) | 78887 |
| 700 ## - ASIENTO SECUNDARIO - NOMBRE PERSONAL | |
| Nombre personal | Rozero erazo, Jhon Alexander |
| 9 (RLIN) | 78888 |
| 700 ## - ASIENTO SECUNDARIO - NOMBRE PERSONAL | |
| Nombre personal | Trujillo Callejas, Lady Yaneth |
| 9 (RLIN) | 78889 |
| 700 ## - ASIENTO SECUNDARIO - NOMBRE PERSONAL | |
| Nombre personal | Herrera Sánchez, Yurani Angelica |
| 9 (RLIN) | 78890 |
| 942 ## - ELEMENTOS ADICIONALES (KOHA) | |
| Sistema de clasificación | Dewey Decimal Classification |
| Tipo de ítem | Libro |
| Withdrawn status | Lost status | Sistema de Clasificación | Damaged status | No para préstamo | Colección | Inventariado | Ubicación Permanente | Ubicación actual | Fecha de adquisición | Fuente de Valor | Valor | Total Checkouts | Número topográfico | Inventario / Código de Barras | Date last seen | Ejemplar | Price effective from | Forma de adquisición | Tipo de material |
|---|---|---|---|---|---|---|---|---|---|---|---|---|---|---|---|---|---|---|---|
| Dewey Decimal Classification | General | Inventariado 2017 | Bogotá | Bogotá | 06/02/2017 | Instituto | 39000.00 | LB-630.09861 R69r | 042423 | 06/02/2017 | Ej. 1 | 06/02/2017 | Canje | Libro |